Women, The State and Revolution : Soviet Family Policy and Social Life, 1917-1936 /
Na minha lista:
| Autor principal: | |
|---|---|
| Formato: | Livro |
| Idioma: | inglês |
| Publicado em: |
Cambridge, EUA :
Cambridge University,
1993, c1993
|
| Tags: |
Sem tags, seja o primeiro a adicionar uma tag!
|
MARC
| LEADER | 00000nam^a2200000^a^4500 | ||
|---|---|---|---|
| 001 | 000265005 | ||
| 005 | 20250521000000.0 | ||
| 009 | 20260310110703.14 | ||
| 020 | |a 0-521-37404-9 | ||
| 037 | |a Acervo ITESO - Biblioteca | ||
| 041 | |a ING | ||
| 082 | |a 344. 47 |b GOL | ||
| 100 | |a Goldman, Wendy Z. |e (autor) | ||
| 245 | 1 | 0 | |a Women, The State and Revolution : |b Soviet Family Policy and Social Life, 1917-1936 / |c W.Z. Goldman. |
| 264 | 4 | |a Cambridge, EUA : |b Cambridge University, |c 1993, c1993 | |
| 300 | |a XI, 351 p. | ||
| 336 | |a texto |b txt |2 rdacontenido | ||
| 337 | |a sin mediación |b n |2 rdamedio | ||
| 338 | |a volumen |b nc |2 rdasoporte | ||
| 649 | |a XX | ||
| 910 | |a Fondo General | ||
| 920 | |a Impresos - Libros | ||
| 930 | |a Colección General | ||
| 905 | |a 101 | ||
| 901 | |a 0500147372 |b IT1 |c ACC |u 20250521 | ||
| 902 | |a https://opac.biblio.iteso.mx/vufind/Record/000265005 | ||